000 00431cam a2200169ua 4500
020 _cRs 57.00
041 _aeng
_h
082 _a620.1
_bKUM/EN
100 _aKumar, K L .
245 _aEngineering mechanics /
_cK L Kumar.
_hTextual Documents
260 _aNew Delhi :
_bTata Mc-Graw Hill Publishing Company ,
_c1986.
300 _a835 ; .
365 _aRs 57.00
504 _a
942 _cBK
999 _c2008
_d2008